| 000 | 00373cam a2200145ua 4500 | ||
|---|---|---|---|
| 041 |
_aeng _h |
||
| 082 |
_a947 _bMIK/DI |
||
| 100 | _aMikhailov, Nikolai . | ||
| 245 |
_aDiscovery of the Soviet Union / _cNikolai Mikhailov. _hTextual Documents |
||
| 260 |
_aMoscow : _bProgress Publishers , _c1965. |
||
| 300 | _a349 ; . | ||
| 504 | _a | ||
| 942 | _cBK | ||
| 999 |
_c6215 _d6215 |
||